| 000 | 00703nam a22002177a 4500 | ||
|---|---|---|---|
| 005 | 20170412145312.0 | ||
| 010 | _aENG-117756 | ||
| 020 |
_a9789382420897 _c895.00 |
||
| 035 | _aEN-101288 | ||
| 037 | _bDBAD/PUB | ||
| 082 | _a363.7288 | ||
| 100 | _aJena, Biswapriya | ||
| 245 |
_aSwachh Hospital : _cby Biswapriya Jena _bBiomedical Waste Management / |
||
| 260 |
_aNew Delhi _bKunal books _c2015 |
||
| 270 |
_a4648/21, first floor, Ansari Road, Daryaganj _bNew Delhi _e110002 |
||
| 300 |
_avi, 257p. : _c21cm(Hb) _bill. |
||
| 500 | _a Includes bibliographical reference and index | ||
| 700 | _aJena,Biswapriya | ||
| 700 | _aMohanty,Bijoyini | ||
| 942 |
_2ddc _cEN _h363.7288 _mJEN |
||
| 999 |
_c138825 _d138825 |
||